| 000 | 00432nam a2200181Ia 4500 | ||
|---|---|---|---|
| 005 | 20250401024350.0 | ||
| 008 | 240331s9999 xx 000 0 und d | ||
| 082 | _a894 | ||
| 100 | _aVengadasalabadhi | ||
| 245 | 0 | _aVa.u.c.yum baradiyum | |
| 260 |
_aChennai _bMakkal Veliyidu _c1994 |
||
| 300 | _a160 p ., | ||
| 650 | _aKattoorai | ||
| 650 | _aKavithaikal | ||
| 650 | _aMathipooraikal | ||
| 650 | _aKaruthupadangal | ||
| 942 | _cL | ||
| 999 |
_c4596 _d4596 |
||